| 000 | 00358nam a22001457a 4500 | ||
|---|---|---|---|
| 003 | OSt | ||
| 005 | 20160727222417.0 | ||
| 008 | 160625b xxu||||| |||| 00| 0 eng d | ||
| 040 | _cTEST | ||
| 100 |
_91152 _aJeffrey, G.R |
||
| 245 | _aThe Millennium Meltdown | ||
| 260 |
_aTORONTO _bFRONTIER REASEACH _c1998 |
||
| 300 | _aThe Millennium Meltdown | ||
| 942 |
_2ddc _cBK |
||
| 999 |
_c933 _d933 |
||